00533cam a22002171 4500001001300000003000400013005001700017008004100034010001700075035002000092040001800112042001200130050001500142100003600157245002800193260001100221300003500232500001500267600001600282999001700298sa 68003138 DLC20260227112450.0881028s1967 xx 000 0bhino  asa 68003138  a(OCoLC)23573717 aDLCcMiUdDLC apremarc00aPK531b.S21 aŚarmā, Dāmodaraprasāda.10aMahāmuni Patañjali. c[1967] a236 p.billus., ports.c24 cm. aRomanized.00aPatañjali c79262d79262